10 Countries with the Largest Navies - Statistics

General Stats
  • This quiz has been taken 58 times
  • The average score is 7 of 10
Answer Stats
Number of Ships Answer % Correct
415 United States
100%
714 China
96%
352 Russia
96%
295 India
94%
221 Indonesia
83%
967 North Korea
72%
398 Iran
64%
319 Egypt
57%
270 Finland
23%
234 Colombia
21%
No matching quizzes found
Score Distribution
Percent of People with Each Score
Percentile by Number Answered
Your Score History
You have not taken this quiz